| 000 | 00746nam a2200253 4500 | ||
|---|---|---|---|
| 001 | sa 68019021 | ||
| 003 | DLC | ||
| 005 | 20260227112716.0 | ||
| 008 | 710827s1967 ii 00000 eng | ||
| 010 | _asa 68019021 | ||
| 025 | _aPL480:I-E-10636 | ||
| 043 | _aa-ii--- | ||
| 050 | 0 |
_aL578.W4 _bB4 1954 |
|
| 082 | _a373.54/14 | ||
| 110 | 1 | 0 |
_aWest Bengal. _bSecondary Education Commission. |
| 245 | 0 | 0 | _aReport, August-November, 1954. |
| 260 | 0 |
_aAlipore, _bSuperintendent, Govt. Print., West Bengal Govt. Press, _c1967. |
|
| 300 |
_aiv, ii, 93 p. _c25 cm. |
||
| 350 | _aRs3.00 | ||
| 500 | _aCover title. | ||
| 500 | _aChairman: B. B. Day. | ||
| 650 | 0 |
_aEducation, Secondary _zIndia _zWest Bengal. |
|
| 700 | 1 | 0 |
_aDey, Biman Bihari, _d1889- |
| 999 |
_c88776 _d88776 |
||